Statistics for Top 10 Largest Cities: Italy

Click here to take the quiz!

General Stats

  • This quiz has been taken 53 times
  • The average score is 8 of 10

Answer Stats

RankPopulationCity% Correct
21.2 millionMilan
100%
3959kNaples
100%
12.3 millionRome
100%
8349kFlorence
92%
4870kTurin
91%
6580kGenoa
85%
5648kPalermo
85%
10277kBari
72%
7366kBologna
70%
9291kCatania
51%

Score Distribution

Percentile by Number Answered

Percent of People with Each Score

Your Score History

You have not taken this quiz